Politics in India since independence (A) (Record no. 9418)

MARC details
000 -LEADER
fixed length control field 00624cam a2200229ua 4500
008 - FIXED-LENGTH DATA ELEMENTS--GENERAL INFORMATION
fixed length control field 190208n ii |||gr||||Z||||||asm
020 ## - INTERNATIONAL STANDARD BOOK NUMBER
International Standard Book Number 9788191068900
040 ## - CATALOGING SOURCE
Transcribing agency MAIN
041 ## - LANGUAGE CODE
-- asm
082 ## - DEWEY DECIMAL CLASSIFICATION NUMBER
Classification number 320.954
245 ## - TITLE STATEMENT
Title Politics in India since independence (A)
Remainder of title class XII
250 ## - EDITION STATEMENT
Edition statement 20th ed.
260 ## - PUBLICATION, DISTRIBUTION, ETC.
Place of publication, distribution, etc. Guwahati:
Name of publisher, distributor, etc. Rupalim prakashan,
Date of publication, distribution, etc. 2017.
300 ## - PHYSICAL DESCRIPTION
Extent 222p.
700 ## - ADDED ENTRY--PERSONAL NAME
Personal name Adyanath Chakraborty,
Relator term
700 ## - ADDED ENTRY--PERSONAL NAME
Personal name Kripesh Chandra Paul,
Relator term
700 ## - ADDED ENTRY--PERSONAL NAME
Personal name Pratul Chandra Nayak,
Relator term
700 ## - ADDED ENTRY--PERSONAL NAME
Personal name Akhil Ranjan Dutta,
Relator term
942 ## - ADDED ENTRY ELEMENTS (KOHA)
Koha item type Books
653 ## - INDEX TERM--UNCONTROLLED
Uncontrolled term Political science
Holdings
Withdrawn status Lost status Damaged status Not for loan Home library Current library Shelving location Date acquired Total Checkouts Full call number Barcode Date due Date last seen Date last checked out Copy number Price effective from Koha item type
        Central Library, Naharkatiya College Central Library, Naharkatiya College General Stacks 19/09/2020 36 320.954 | POL 24121 11/11/2025 27/10/2025 27/10/2025 1 19/09/2020 Books

Naharkatiya College © 2020. All rights reserved.

Powered By